000 00522nam a2200205Ia 4500
008 160418s9999 xx 000 0 und d
050 _aFIL GV 464
050 _b.A68 1953
100 _aAquino, Francisca Reyes.
245 _aGymnastics for girls /
245 _cFrancisca Reyes Aquino.
260 _aQuezon City:
260 _bKayumanggi Press. Inc.,
260 _c1953
300 _a249 pages :
300 _billustrations ;
300 _c23 cm.
650 _aGymnastics for women.
650 _xGymnastics.
999 _c293383
_d293383